000 00552cam a2200181 4500500
005 20260405001925.0
041 _afre
042 _adc
100 1 0 _aGros, Frédéric
_eauthor
245 0 0 _aLe principe d’inquiétude
260 _c2015.
500 _a82
690 _aFrédéric Gros
690 _aLa Boétie
690 _aServitude volontaire
786 0 _nPhilosophie magazine | 86 | 2 | 2015-02-01 | p. 42-43 | 1951-1787
856 4 1 _uhttps://shs.cairn.info/magazine-philosophie-magazine-2015-2-page-42?lang=fr&redirect-ssocas=7080
999 _c2052383
_d2052383